Unique quintessence of a compendium of essays : (Record no. 136097)
[ view plain ]
| 000 -LEADER | |
|---|---|
| fixed length control field | 00799nam a22002417a 4500 |
| 003 - CONTROL NUMBER IDENTIFIER | |
| control field | dpl |
| 005 - DATE AND TIME OF LATEST TRANSACTION | |
| control field | 20180607173950.0 |
| 008 - FIXED-LENGTH DATA ELEMENTS--GENERAL INFORMATION | |
| fixed length control field | 180607b xxu||||| |||| 00| 0 eng d |
| 010 ## - LIBRARY OF CONGRESS CONTROL NUMBER | |
| LC control number | B-230193 |
| 020 ## - INTERNATIONAL STANDARD BOOK NUMBER | |
| Terms of availability | 225.00 |
| International Standard Book Number | 8183570003 |
| 035 ## - SYSTEM CONTROL NUMBER | |
| System control number | B-230193, B-230203 |
| 037 ## - SOURCE OF ACQUISITION | |
| Source of stock number/acquisition | Cen Lib/Ret |
| 040 ## - CATALOGING SOURCE | |
| Original cataloging agency | DPL |
| Language of cataloging | EN |
| Transcribing agency | 0 |
| 082 ## - DEWEY DECIMAL CLASSIFICATION NUMBER | |
| Classification number | 808.4 |
| Item number | UNI |
| 245 ## - TITLE STATEMENT | |
| Title | Unique quintessence of a compendium of essays : |
| Statement of responsibility, etc | edited by S. Sen...[et al.]. |
| Remainder of title | strictly according to the latest syllabus / |
| 260 ## - PUBLICATION, DISTRIBUTION, ETC. (IMPRINT) | |
| Place of publication, distribution, etc | New Delhi |
| Name of publisher, distributor, etc | Unique publishers |
| Date of publication, distribution, etc | 2008 |
| 270 ## - ADDRESS | |
| City | New Delhi |
| Address | II-M/15, Lajpat Nagar |
| Postal code | 110002 |
| 300 ## - PHYSICAL DESCRIPTION | |
| Extent | 749p. |
| Dimensions | 21cm(Hb) |
| 650 ## - SUBJECT ADDED ENTRY--TOPICAL TERM | |
| Topical term or geographic name as entry element | Essays--National issues |
| 9 (RLIN) | 24046 |
| 650 ## - SUBJECT ADDED ENTRY--TOPICAL TERM | |
| Topical term or geographic name as entry element | Essays--International issues |
| 9 (RLIN) | 24047 |
| 700 ## - ADDED ENTRY--PERSONAL NAME | |
| Personal name | Sen, S. |
| 9 (RLIN) | 24048 |
| 942 ## - ADDED ENTRY ELEMENTS (KOHA) | |
| Source of classification or shelving scheme | Dewey Decimal Classification |
| Koha item type | English Books |
| Classification part | 808.4 |
| Call number suffix | UNI |
| Withdrawn status | Lost status | Damaged status | Not for loan | Home library | Current library | Date acquired | Source of acquisition | Cost, normal purchase price | Total Checkouts | Full call number | Barcode | Date last seen | Date checked out | Copy number | Price effective from | Koha item type | Source of classification or shelving scheme | Collection code | Total Renewals | Cost, replacement price |
|---|---|---|---|---|---|---|---|---|---|---|---|---|---|---|---|---|---|---|---|---|
| Central Library | Central Library | 17/11/2015 | Cen Lib/Ret | 225.00 | 5 | 808.4 UNI | B-230193 | 21/08/2023 | 16/08/2023 | 1 | 17/11/2015 | English Books | ||||||||
| Shahdara Branch | Shahdara Branch | 07/06/2018 | BPPD/PUB | 225.00 | 4 | 808.4 UNI | B-230203 | 23/05/2023 | 09/05/2023 | 07/06/2018 | English Books | Dewey Decimal Classification | Non-fiction | 2 | 225.00 |
